|
|
|
|
| LEADER |
00000 a a2200000 04500 |
| 001 |
33165 |
| 003 |
cru CRAIS/IIS |
| 005 |
20210903133007.0 |
| 008 |
210903b1979 |||||||| |||| 00| 0 spa d |
| 040 |
|
|
|a CRAI/IIS
|c CRAI/IIS
|
| 090 |
|
|
|a 03.01.01 D563e
|
| 100 |
|
|
|a Rochwerger, Katty
|9 10072
|c Rochwerger, Katthy
|e autor
|
| 245 |
|
|
|a Los límites del crecimiento:/
|c un intento de desmitificación
|
| 260 |
|
|
|a San José:
|b EDUCA
|c 1979
|
| 300 |
|
|
|a Páginas 51-64
|
| 440 |
|
|
|n 02
|
| 650 |
|
|
|a CRECIMIENTO DEMOGRAFICO
|
| 650 |
|
|
|a METODOLOGIA
|
| 700 |
|
|
|a ed.
|a Fernandez, Mario E.
|a ed.
|
| 942 |
|
|
|2 ddc
|c LI
|h 03.01.01
|i 1979
|6 030101_1979
|
| 999 |
|
|
|c 4314
|d 4314
|
| 773 |
0 |
|
|0 150
|9 2514
|a Dierckxsens, Wim
|d San José: EDUCA 1979
|o 19529
|t Economía y población:/
|w (cru CIDCACS/IIS)33171
|